Los movimientos de las plantas / (Record no. 76592)

MARC details
000 -LEADER
campo de control de longitud fija 00662nam a2200217 i 4500
001 - NÚMERO DE CONTROL
campo de control 76592
003 - IDENTIFICADOR DE NÚMERO DE CONTROL
campo de control ES-MaACL
005 - FECHA Y HORA DE LA ÚLTIMA TRANSACCIÓN
campo de control 20230906172906.0
007 - CAMPO FIJO DE DESCRIPCIÓN FÍSICA--INFORMACIÓN GENERAL
campo de control de longitud fija t|
008 - DATOS DE LONGITUD FIJA--INFORMACIÓN GENERAL
campo de control de longitud fija 041004s1977 sp ||||1| spa d
100 1# - ENTRADA PRINCIPAL--NOMBRE DE PERSONA
Nombre de persona Guillard, Henri.
9 (RLIN) 60719
245 14 - MENCIÓN DEL TÍTULO
Título Los movimientos de las plantas /
Mención de responsabilidad, etc. por H. Guillard ; [traducción de Janine Muls de Liarás].
250 ## - MENCION DE EDICION
Mención de edición [1ª ed.].
260 ## - PUBLICACIÓN, DISTRIBUCIÓN, ETC.
Lugar de publicación, distribución, etc. [Barcelona :
Nombre del editor, distribuidor, etc. Laia,
Fecha de publicación, distribución, etc. 1977]
300 ## - DESCRIPCIÓN FÍSICA
Extensión 28 p. :
Otras características físicas il. ;
Dimensiones 24 cm.
490 1# - MENCIÓN DE SERIE
Mención de serie Biblioteca de trabajo
700 1# - ENTRADA AGREGADA--NOMBRE PERSONAL
Nombre de persona Muls de Liaras, Janine.
9 (RLIN) 161938
830 0# - PUNTO DE ACCESO ADICIONAL DE SERIE-TÍTULO UNIFORME
Título uniforme Biblioteca de trabajo
9 (RLIN) 183523
852 ## - LOCALIZACIÓN
Ubicación ES-MaACL
Número de control de estantería 2107-F-7
Sublocalización o colección R.96318
Holdings
Estatus retirado Estado de pérdida Estado de daño No para préstamo Colección Biblioteca de origen Biblioteca actual Ubicación en estantería Fecha de adquisición Fuente de adquisición Total de préstamos Signatura topográfica completa Código de barras Visto por última vez Precio de reemplazo Tipo de ítem Koha
        Colección de folletos Biblioteca del Ateneo de Madrid Biblioteca del Ateneo de Madrid Depósito folletos 17/01/2008     2107-F-7 1080147 23/02/2023 23/02/2023 Folleto